NBA 2K19: #110-#215 Ratings (93-90 Overalls) - Statistics

General Stats
  • This quiz has been taken 66 times
  • The average score is 58 of 106
Answer Stats
# Player Rating Team % Correct
113 Magic Johnson 93 '90-'91 Lakers
83%
114 Shaquille O'Neal 93 '97-'98 Lakers
82%
115 Shaquille O'Neal 93 All-Time Magic
82%
116 Shaquille O'Neal 93 '94-'95 Magic
82%
117 Dirk Nowitzki 93 '10-'11 Mavericks
77%
182 Dirk Nowitzki 90 '02-'03 Mavericks
77%
156 Karl Malone 91 '97-'98 Jazz
77%
118 Scottie Pippen 93 '95-'96 Bulls
77%
136 Scottie Pippen 92 '92-'93 Bulls
77%
148 Kyrie Irving 92 All-Time Cavaliers
75%
149 Kyrie Irving 92 Celtics
75%
154 Michael Jordan 91 '85-'86 Bulls
75%
134 Jerry West 92 '64-'65 Lakers
73%
151 Dennis Johnson 92 All-Time Suns
72%
121 Dennis Rodman 93 All-Time Bulls
72%
137 Jason Kidd 92 '01-'02 Nets
72%
211 John Wall 90 All-Time Wizards
72%
112 Kareem Abdul-Jabbar 93 '86-'87 Lakers
72%
212 Kevin Johnson 90 All-Time Sun
72%
152 Marques Johnson 92 All-Time Bucks
72%
110 Wilt Chamberlain 93 All-Time 76ers
72%
111 Wilt Chamberlain 93 '70-'71 Lakers
72%
155 Wilt Chamberlain 91 All-Time Lakers
72%
185 Allen Iverson 90 All-Time Nuggets
70%
170 Carmelo Anthony 91 All-Time Knicks
70%
192 Carmelo Anthony 90 '07-'08 Nuggets
70%
141 Chris Paul 92 All-Time Clippers
70%
188 Chris Paul 90 All-Time Rockets
70%
131 Marc Gasol 93 All-Time Grizzlies
70%
130 Pau Gasol 93 All-Time Grizzlies
70%
196 Pau Gasol 90 All-Time Lakers
70%
197 Pau Gasol 90 '05-'06 Grizzlies
70%
138 Dwayne Wade 92 '12-'13 Heat
68%
161 Kevin Garnett 91 All-Time Celtics
68%
162 Kevin Garnett 91 '07-'08 Celtics
68%
147 Anthony Davis 92 All-Time Pelicans
67%
208 Baron Davis 90 All-Time Pelicans
67%
133 Nikola Jokic 93 Nuggets
67%
142 Paul Pierce 92 '07-'08 Celtics
67%
163 Tracy McGrady 91 All-Time Rockets
67%
187 Tracy McGrady 90 '07-'08 Rockets
67%
207 Walter Davis 90 All-Time Suns
67%
132 Derrick Rose 93 '10-'11 Bulls
65%
181 John Stockton 90 '97-'98 Jazz
65%
143 Vince Carter 92 '99-'00 Raptors
65%
128 Dwight Howard 93 All-Time Magic
63%
203 Jermaine O'Neal 90 All-Time Pacers
63%
205 Blake Griffin 90 All-Time Clippers
62%
177 Damian Lillard 91 Trail Blazers
62%
198 Klay Thompson 90 All-Time Warriors
62%
199 Klay Thompson 90 '15-'16 Warriors
62%
174 Paul George 91 All-Time Pacers
62%
204 Paul George 90 '13-'14 Pacers
62%
173 Russell Westbrook 91 Thunder
62%
157 David Robinson 91 '97-'98 Spurs
60%
159 Clyde Drexler 91 All-Time Rockets
58%
160 Clyde Drexler 91 '90-'91 Trail Blazers
58%
153 Joel Embiid 92 76ers
58%
178 Karl-Anthony Towns 91 Timberwolves
58%
179 Karl-Anthony Towns 91 All-Time Timberwolves
58%
184 Patrick Ewing 90 '94-'95 Knicks
57%
169 Chauncey Billups 91 All-Time Pistons
55%
189 Chauncey Billups 90 '03-'04 Pistons
55%
183 Dominique Wilkins 90 '85-'86 Hawks
55%
186 Kevin McHale 90 '85-'86 Celtics
55%
126 Penny Hardaway 93 All-Time Magic
55%
194 Ray Allen 90 All-Time Bucks
55%
166 Tim Hardaway 91 All-Time Warriors
55%
119 Alex English 93 All-Time Nuggets
53%
140 Alonzo Mourning 92 '96-'97 Heat
53%
125 Manu Ginobili 93 All-Time Spurs
53%
129 Robert Parish 93 All-Time Celtics
52%
176 Amare Stoudemire 91 All-Time Suns
50%
127 Chris Webber 93 All-Time Kings
50%
190 Chris Webber 90 '01-'02 Kings
50%
135 Elgin Baylor 92 '64-'65 Lakers
50%
123 Joe Dumars 93 All-Time Pistons
50%
175 Kevin Love 91 All-Time Timberwolves
47%
167 Yao Ming 91 All-Time Rockets
47%
146 Dikembe Mutombo 92 All-Time Hawks
45%
206 Giannis Antetokounmpo 90 All-Time Bucks
45%
191 Chris Mullin 90 '90-'91 Warriors
42%
168 Mark Price 91 All-Time Cavaliers
42%
158 Walt Frazier 91 '71-'72 Knicks
42%
210 DeMarcus Cousins 90 All-Time Kings
38%
144 Sam Jones 92 All-Time Celtics
37%
209 Shawn Marion 90 All-Time Sun
33%
124 Grant Hill 93 All-Time Pistons
28%
213 Jimmy Butler 90 All-Time Timberwolves
28%
214 Jimmy Butler 90 All-Time Bulls
28%
145 Adrian Dantley 92 All-Time Jazz
27%
120 Bob Lanier 93 All-Time Pistons
23%
139 Nate Thurmond 92 All-Time Warriors
23%
200 Brad Daugherty 90 All-Time Cavaliers
22%
180 Brandon Roy 91 All-Time Trail Blazers
22%
201 Fat Lever 90 All-Time Nuggets
22%
172 Billy Cunningham 91 All-Time 76ers
13%
150 Dan Issel 92 All-Time Nuggets
13%
122 Jo Jo White 93 All-Time Celtics
13%
215 Drazen Petrovic 90 All-Time Nets
12%
195 Gail Goodrich 90 All-Time Lakers
12%
164 Lou Hudson 91 All-Time Hawks
12%
171 Dave DeBusschere 91 All-Time Knicks
8%
202 Kiki Vandeweghe 90 All-Time Nuggets
8%
193 Calvin Murphy 90 All-Time Rockets
7%
165 Richie Guerin 91 All-Time Knicks
2%
No matching quizzes found
Score Distribution
Percent of People with Each Score
Percentile by Number Answered
Your Score History
You have not taken this quiz